000 00281nam a22001217a 4500
040 _cHS
082 _a333 DEV 1997 C085
100 _aDEVILLE ADRIAN
245 _aApplying the precautionary principle
260 _aAustralia
_bDEVILLE ADRIAN
_c1997
300 _a79p;
942 _cEK
999 _c11052
_d11052